000 00583nam a22002297a 4500
003 UA-OsUOA
001 823
007 ta
008 20050706b un ||||| |||| 00| 0 ukr d
100 _aЧапкевич Е. И.
090 _a929
_bЧ-19
942 _cBK
040 _aUA-OsUOA
_brus
_cUA-OsUOA
_dUA-OsUOA
245 _aЕвгений Викторович Тарле
300 _a125 с.
955 _a2
041 _arus
080 _a929
260 _aМ.
_bНаука
_c1977
650 7 _a9 Географія. Біографії. Історія
_2UDC
999 _c286990
_d286990